000 00815nam a2200229 a 4500
001 BRCA_1723
005 20190320203526.0
008 961220s1997 nyua---##b---#000-0#eng-#
020 _a9687559012
040 _aDLC
_cDLC
_dDLC
050 4 _aTR647.A4
_b.K57 1997
100 1 _aKismaric, Susan
_95389
245 1 0 _aManuel Álvarez Bravo
_cSusan Kismaric.
260 _aNew York
_bMuseum of Modern Art
_cc1997
300 _a240 p.
_bil. (algunas a color)
_c29 cm.
500 _aCatálogo de la exposición realizada en el Museum of Modern Art (Nueva York), 20 febrero - 18 mayo, 1997
504 _aBibliografía: p. 227-234
600 1 4 _aÁlvarez Bravo, Manuel
_d1902-
_vExposiciones
_95390
650 1 4 _aFotografía artística
_vExposiciones
_95391
700 1 _aÁlvarez Bravo, Manuel
_d1902-
_91663
942 _2lcc
_cB
999 _c1512
_d1512